00000000nas 2200000zi 4500
0019.909986
003CaOODSP
00520250402111554
006m     o  d f      
007cr cn ||||||||
008220407c20219999oncgr p oc   f0   a0fre|d
022 |a2816-4458
040 |aCaOODSP|bfre|erda|cCaOODSP
0410 |aeng|afre
043 |an-cnm--|an-cn-nf
0861 |aFs72-39/1-PDF
222 0|aCanadian paper chart catalogue. Volume 1, Atlantic Coast
24500|aCanadian paper chart catalogue. |nVolume 1, |pAtlantic Coast = |bCatalogue des cartes papier du Canada. |nVolume 1, |pCôte Atlantique.
24631|aCatalogue des cartes papier du Canada. |nVolume 1, |pCôte Atlantique
264 1|a[Ottawa] : |bCanadian Hydrographic Service, Fisheries and Oceans Canada = Service hydrographique du Canada, Pêches et océans Canada, |c[2022]-
310 |aBiennal
336 |atexte|btxt|2rdacontent/fre
337 |ainformatique|bc|2rdamedia/fre
338 |aressource en ligne|bcr|2rdacarrier/fre
3621 |aParaît depuis : 2021/09.
546 |aTexte en anglais et en français.
588 |aDescription d'après : 2021/09; titre de la page couverture du fichier PDF.
588 |aDernière livraison consultée : 2025/01.
650 6|aCartes nautiques|zAtlantique, Côte de l' (Canada)|vPériodiques.
655 7|aPériodiques|2rvmgf
7102 |aService hydrographique du Canada, |eorganisme de publication.
78000|tCatalogue. |w(CaOODSP)9.836310
788 |tCanadian paper chart catalogue. |eeng|w(CaOODSP)9.909987